CHATTERJEE,K.D. (Record no. 19632)

MARC details
000 -LEADER
fixed length control field 00348nam a22001457a 4500
003 - CONTROL NUMBER IDENTIFIER
control field SGT
020 ## - INTERNATIONAL STANDARD BOOK NUMBER
International Standard Book Number 978-0-470-67507-6
082 ## - DEWEY DECIMAL CLASSIFICATION NUMBER
Classification number 616.01
Item number P19C
245 ## - TITLE STATEMENT
Title CHATTERJEE,K.D.
Remainder of title PARASITOLOGY (PROTOZOOLOGY AND HELMINTHOLOGY)
250 ## - EDITION STATEMENT
Edition statement 13TH
260 ## - PUBLICATION, DISTRIBUTION, ETC. (IMPRINT)
Place of publication, distribution, etc INDIA
Name of publisher, distributor, etc CBS PUB
Year of Publication 2019
300 ## - PAGE DESCRIPTION
No. of Pages 298
650 ## - SUBJECT ADDED ENTRY--TOPICAL TERM
Topical term or geographic name as entry element MICROBIOLOGY
942 ## - ADDED ENTRY ELEMENTS (KOHA)
Source of classification or shelving scheme Dewey Decimal Classification
Koha item type Books
942 ## - ADDED ENTRY ELEMENTS (KOHA)
-- 2
Holdings
Withdrawn status Lost status Source of classification or shelving scheme Damaged status Not for loan Collection code Home library Current library Shelving location Date acquired Vendor Name Cost, normal purchase price SGTU Bill Number Total Checkouts Full call number Accession No. (Barcode) Date last seen Date last borrowed Bill Date Koha item type
    Dewey Decimal Classification     MEDICAL SGT Medical Library SGT Medical Library Reference Book 30/12/2019 ABC DELHI 525.00 SGTU 11576 6 616.01 P19C FM11884 01/05/2025 16/04/2025 14/11/2019 Books